Cases in Candaian marketing / (Record no. 147810)
[ view plain ]
| 000 -LEADER | |
|---|---|
| fixed length control field | 00881nam a2200265 a 4500 |
| 003 - CONTROL NUMBER IDENTIFIER | |
| control field | OSt |
| 005 - DATE AND TIME OF LATEST TRANSACTION | |
| control field | 20240220153658.0 |
| 008 - FIXED-LENGTH DATA ELEMENTS--GENERAL INFORMATION | |
| fixed length control field | |
| 020 ## - INTERNATIONAL STANDARD BOOK NUMBER | |
| International Standard Book Number | 0471796743 (paperback.) |
| 040 ## - CATALOGING SOURCE | |
| Transcribing agency | NUST |
| Original cataloging agency | NUST |
| Language of cataloging | eng |
| Modifying agency | NUST |
| Description conventions | rda |
| 050 ## - LIBRARY OF CONGRESS CALL NUMBER | |
| Classification number | 12867 |
| 100 ## - MAIN ENTRY--PERSONAL NAME | |
| Personal name | Nicholas Papadopulos |
| Dates associated with a name | 1988 |
| Relator term | Editor |
| 245 10 - TITLE STATEMENT | |
| Title | Cases in Candaian marketing / |
| Statement of responsibility, etc. | edited by Nicolas Papadopoulos. |
| 260 ## - PUBLICATION, DISTRIBUTION, ETC. | |
| Place of publication, distribution, etc. | Toronto : |
| Name of publisher, distributor, etc. | Wiley, |
| Date of publication, distribution, etc. | ©1988. |
| 300 ## - PHYSICAL DESCRIPTION | |
| Extent | 206 p. : |
| Other physical details | illustrations; |
| Dimensions | 28 cm. |
| 336 ## - CONTENT TYPE | |
| Source | rdacontent |
| Content type term | text |
| Content type code | txt |
| 337 ## - MEDIA TYPE | |
| Source | rdamedia |
| Media type term | unmediated |
| Media type code | n |
| 338 ## - CARRIER TYPE | |
| Source | rdamedia |
| Carrier type term | volume |
| Carrier type code | nc |
| 440 ## - SERIES STATEMENT/ADDED ENTRY--TITLE | |
| Title | Cases in Candaian Marketing |
| 504 ## - BIBLIOGRAPHY, ETC. NOTE | |
| Bibliography, etc. note | Include bibliographical references |
| 650 #6 - SUBJECT ADDED ENTRY--TOPICAL TERM | |
| Topical term or geographic name entry element | Marketing |
| General subdivision | Case studies. |
| 650 ## - SUBJECT ADDED ENTRY--TOPICAL TERM | |
| Topical term or geographic name entry element | Marketing |
| Geographic subdivision | Canada |
| General subdivision | Case studies. |
| 700 ## - ADDED ENTRY--PERSONAL NAME | |
| Personal name | Papadopoulos, Nicolas. |
| Relator term | Editors |
| 942 ## - ADDED ENTRY ELEMENTS (KOHA) | |
| Koha item type | Ordinary Loan Books |
| Call number prefix | HF 5415.12.C3 |
| Call number suffix | CAS |
| Source of classification or shelving scheme | Library of Congress Classification |
| Withdrawn status | Lost status | Source of classification or shelving scheme | Damaged status | Not for loan | Collection | Home library | Current library | Shelving location | Date acquired | Source of acquisition | Cost, normal purchase price | Total Checkouts | Full call number | Barcode | Date last seen | Accession number | Cost, replacement price | Price effective from | Koha item type | Public note |
|---|---|---|---|---|---|---|---|---|---|---|---|---|---|---|---|---|---|---|---|---|
| LCC | NFIC | MAIN | MAIN | GEN | 01/23/2023 | Book Aid International | 10.00 | 1 | HF5415 CAS | 92003022086 | 01/23/2023 | 12865 | 10.00 | 01/23/2023 | BOOKS | Donation | ||||
| LCC | NFIC | MAIN | MAIN | GEN | 01/23/2023 | Book Aid International | 10.00 | 1 | 12867 | 92003022084 | 01/23/2023 | 10.00 | 01/23/2023 | BOOKS | Donation | |||||
| LCC | 1 | NFIC | MAIN | MAIN | GEN | 01/23/2023 | Book Aid International | 10.00 | 1 | HF5415 CAS | 92003022057 | 01/23/2023 | 10.00 | 01/23/2023 | BOOKS | Donation | ||||
| LCC | NFIC | MAIN | MAIN | GEN | 01/23/2023 | Book Aid International | 10.00 | HF5415 CAS | 92003022062 | 01/23/2023 | 12863 | 10.00 | 01/23/2023 | BOOKS | Donation | |||||
| LCC | NFIC | MAIN | MAIN | GEN | 01/23/2023 | Book Aid International | 10.00 | 2 | HF5415 CAS | 92003022063 | 01/23/2023 | 12862 | 10.00 | 01/23/2023 | BOOKS | Donation | ||||
| LCC | 1 | NFIC | MAIN | MAIN | GEN | 01/23/2023 | Book Aid International | 10.00 | 2 | HF5415 CAS | 92003022087 | 01/23/2023 | 80.00 | 01/23/2023 | BOOKS | Donation | ||||
| LCC | NFIC | MAIN | MAIN | GEN | 01/23/2023 | Book Aid International | 10.00 | 1 | HF5415 CAS | 92003022083 | 01/23/2023 | 12867 | 10.00 | 01/23/2023 | BOOKS | Donation | ||||
| LCC | 1 | NFIC | MAIN | MAIN | GEN | 01/23/2023 | Book Aid International | 10.00 | 2 | HF5415 CAS | 92003022066 | 01/23/2023 | 10.00 | 01/23/2023 | BOOKS | Donation | ||||
| LCC | 1 | NFIC | MAIN | MAIN | GEN | 01/23/2023 | Book Aid International | 10.00 | 1 | HF5415 CAS | 92003022065 | 01/23/2023 | 12867 | 10.00 | 01/23/2023 | BOOKS | Donation | |||
| LCC | NFIC | MAIN | MAIN | GEN | 01/23/2023 | Book Aid International | 10.00 | HF5415 CAS | 92003022081 | 01/23/2023 | 21514 | 10.00 | 01/23/2023 | BOOKS | Donation | |||||
| LCC | NFIC | MAIN | MAIN | GEN | 02/20/2024 | Book Aid International | 10.00 | HF5415 CAS | 02/20/2024 | 10.00 | 02/20/2024 | BOOKS | Donation |